| 000 | 01729cam a2200421 a 4500 | ||
|---|---|---|---|
| 001 | 11775370 | ||
| 005 | 20241220104221.0 | ||
| 008 | 990218s1999 nyu 000 1 eng d | ||
| 035 | _a(DLC) 99236288 | ||
| 010 | _a 99236288 | ||
| 020 | _a0671027344 | ||
| 035 | _a(OCoLC)40813072 | ||
| 040 |
_aNBPu _cNBPu _dCoD _dDLC |
||
| 042 | _alccopycat | ||
| 050 | 0 | 0 |
_aPS3553.H3469 _bP47 1999 |
| 082 | 0 | 0 |
_a813/.54 _221 |
| 082 | _aCHBOSKY | ||
| 092 | _aCHBOSKY | ||
| 100 | 1 |
_aChbosky, Stephen. _965538 |
|
| 245 | 1 | 4 |
_aThe perks of being a wallflower / _cStephen Chbosky. |
| 260 |
_aNew York : _bPocket Books, _cc1999. |
||
| 300 |
_a213 p. ; _c18 cm. |
||
| 598 | _abannedbk | ||
| 655 | 7 |
_aEpistolary fiction. _2gsafd _9102684 |
|
| 655 | 7 |
_aBildungsromans. _2gsafd _9102642 |
|
| 856 | 4 | 2 |
_3Contributor biographical information _uhttp://www.loc.gov/catdir/bios/simon051/99236288.html |
| 856 | 4 | 2 |
_3Publisher description _uhttp://www.loc.gov/catdir/description/simon041/99236288.html |
| 856 | 4 | 1 |
_3Sample text _uhttp://www.loc.gov/catdir/enhancements/fy0640/99236288-s.html |
| 856 | 4 | 2 |
_3Contributor biographical information _uhttp://www.loc.gov/catdir/bios/simon051/99236288.html |
| 856 | 4 | 2 |
_3Publisher description _uhttp://www.loc.gov/catdir/description/simon041/99236288.html |
| 856 | 4 | 1 |
_3Sample text _uhttp://www.loc.gov/catdir/enhancements/fy0640/99236288-s.html |
| 856 | 4 | 2 | _3Contributor biographical information |
| 856 | 4 | 2 |
_uhttp://www.loc.gov/catdir/bios/simon051/99236288.html _3Publisher description |
| 856 | 4 | 2 |
_uhttp://www.loc.gov/catdir/description/simon041/99236288.html _3Sample text |
| 856 | 4 | 1 | _uhttp://www.loc.gov/catdir/enhancements/fy0640/99236288-s.html |
| 942 |
_cBOOK _083 |
||
| 998 | _aa13136 | ||
| 999 |
_c6803 _d6803 |
||